000 00324nam a2200133Ia 4500
008 240624s9999 xx 000 0 und d
041 _aeng
082 _a823 BYA
100 _aBYATT A S
245 _aEND OF THE GODS THE MYTH OF RAGNAROK
260 _c2011
_aNew Delhi
_bHamish Hamilton
300 _a192 : p.
365 _cRS
999 _c18358
_d18358